The Cloisters (Record no. 187108)

MARC details
000 -LEADER
campo de control de longitud fija 00813nam a2200241 i 4500
001 - NÚMERO DE CONTROL
campo de control 187108
003 - IDENTIFICADOR DE NÚMERO DE CONTROL
campo de control ES-MaACL
005 - FECHA Y HORA DE LA ÚLTIMA TRANSACCIÓN
campo de control 20250812031813.0
008 - DATOS DE LONGITUD FIJA--INFORMACIÓN GENERAL
campo de control de longitud fija 170418s1951 xxuae c |||| | eng d
080 ## - NÚMERO DE LA CLASIFICACIÓN DECIMAL UNIVERSAL
Número de la Clasificación Decimal Universal 7.033
110 2# - ENTRADA PRINCIPAL--NOMBRE DE ENTIDAD CORPORATIVA
Nombre de entidad corporativa o nombre de jurisdicción como elemento de entrada Cloisters (Museo)
9 (RLIN) 162392
245 14 - MENCIÓN DEL TÍTULO
Título The Cloisters
Resto del título : the building and the collection of mediaeval art, in Fort Tryon Park /
Mención de responsabilidad, etc. by James J. Rorimer.
246 30 - FORMA VARIANTE DEL TITULO
Texto de visualización Precede al tít.
Título propio/Titulo breve The Metropolitan Museum of Art
250 ## - MENCION DE EDICION
Mención de edición 11th ed.
260 ## - PUBLICACIÓN, DISTRIBUCIÓN, ETC.
Lugar de publicación, distribución, etc. New York :
Nombre del editor, distribuidor, etc. [s.n.],
Fecha de publicación, distribución, etc. 1951 (
Fabricante The Plantin Press)
300 ## - DESCRIPCIÓN FÍSICA
Extensión XXXVII, 159 p. :
Otras características físicas il., planos ;
Dimensiones 22 cm.
500 ## - NOTA GENERAL
Nota general Índices.
650 #7 - PUNTO DE ACCESO ADICIONAL DE MATERIA--TÉRMINO DE MATERIA
Término de materia o nombre geográfico como elemento de entrada Arte medieval
Fuente del encabezamiento o término embne
9 (RLIN) 135618
700 1# - ENTRADA AGREGADA--NOMBRE PERSONAL
Nombre de persona Rorimer, James J.
9 (RLIN) 162391
710 2# - ENTRADA AGREGADA--NOMBRE DE ENTIDAD CORPORATIVA
Nombre de entidad corporativa o nombre de jurisdicción como elemento de entrada Metropolitan Museum of Art.
9 (RLIN) 5692
852 ## - LOCALIZACIÓN
Ubicación ES-MaACL
Número de control de estantería L-31430
Holdings
Estatus retirado Estado de pérdida Estado de daño No para préstamo Biblioteca de origen Biblioteca actual Ubicación en estantería Fecha de adquisición Fuente de adquisición Total de préstamos Signatura topográfica completa Código de barras Visto por última vez Precio de reemplazo Tipo de ítem Koha
        Biblioteca del Ateneo de Madrid Biblioteca del Ateneo de Madrid Depósito 2 18/04/2017     L-31430 1197396 23/02/2023 23/02/2023 Libro impreso